Flaggen zu Landeshauptstadt - Statistiken

Allgemein
  • Dieses Quiz wurde 36 mal gespielt
  • Das Durchschnittsergebnis liegt bei 8 aus 12
Antwortstatistiken
Bildquiz Antwort % Korrekt
Tirana
100%
Sofia
90%
Asunción
77%
Aşgabat
70%
Belmopan
63%
Windhoek
63%
Managua
60%
Port Moresby
60%
Thimphu
60%
Georgetown
53%
Bamako
47%
Yaren
43%
Keine übereinstimmenden Quizze gefunden
Verteilung der Resultate
Anzahl Personen mit jedem Resultat
Perzentil nach korrekt beantworteten Fragen
Ihre Resultats-Entwicklung
Sie haben dieses Quiz noch nicht gespielt